| 000 | 00361nam a22001097a 4500 | ||
|---|---|---|---|
| 082 | _a336/AMB | ||
| 100 |
_aAmbedkar, Dr. B.R. _983910 |
||
| 245 | _aThe Evolution of Provincial Finance in British India A study in provincial decentralization of Imperial Finance | ||
| 260 |
_aNew Delhi _bGaurav book centre PVT LTD _c2024 |
||
| 650 | _aPublic Finance | ||
| 942 | _cBK | ||
| 999 |
_c68917 _d68917 |
||